000 01143nam a2200313Ia 4500
005 20140903180238.0
008 130821k20122013enk frn deng d
020 _a9781907606335
020 _a9781907606649 (2013)
040 _aCo-BoUCM
_bspa
_cJavier Garzón (modificó)
_dHenry Ríos
041 0 0 _aeng
245 0 4 _aThe public competition enforcement review
_ceditor Callum Campbell
250 _a5th ed
260 _aLondres (Inglaterra)
_bLaw Business Research LTD
_c2013
300 _aix, 398 páginas
650 7 _aCompetencia económica internacional
_911261
650 7 _aCompetitividad
_911271
650 7 _aDesarrollo económico
_912956
650 7 _aEconomía internacional
_948439
650 7 _aPolítica internacional
_921990
650 7 _aRelaciones internacionales
_98042
650 0 4 _aRelaciones internacionales
_vCongresos, conferencias, etc.
_98042
690 _942791
_aDesarrollo económico
690 _942797
_aEconomía internacional
690 _942907
_aRelaciones internacionales
700 1 _aCampbell, Callum
_948084
942 _cLIBRO
_a7
_e5
_mP976p
_2DEWEY
_h337
999 _c37571
_d37571